Normal view
MARC view
- Ranjha, Hafiz Barkhurdar
Entry Personal Name
001 - CONTROL NUMBER
- control field: 16734
003 - CONTROL NUMBER IDENTIFIER
- control field: NUST
005 - DATE AND TIME OF LATEST TRANSACTION
- control field: 20190704111000.0
008 - FIXED-LENGTH DATA ELEMENTS
- fixed length control field: 190704|| aca||aabn | a|a d
040 ## - CATALOGING SOURCE
- Original cataloging agency: NUST
- Transcribing agency: NUST
100 ## - HEADING--PERSONAL NAME
- Personal name: Ranjha, Hafiz Barkhurdar
670 ## - SOURCE DATA FOUND
- Source citation: Work cat.: (NUST): Ranjha, Hafiz Barkhurdar, Jang Nama Imam Hussain /, 1979.
